| 000 | 00820nam a2200217Ia 4500 | ||
|---|---|---|---|
| 999 |
_c56081 _d56081 |
||
| 003 | GCL | ||
| 005 | 20240530105435.0 | ||
| 008 | 140319s9999 xx 000 0 ara d | ||
| 040 |
_aGCL / _cGCL |
||
| 082 | 0 | 4 |
_a956.903 _bج ط |
| 100 | 0 | _aجمال عبدالهادى محمد مسعود | |
| 245 | 1 | 2 |
_aالطريق الى بيت المقدس : _cجمال عبدالهادى محمد مسعود _bالقضية الفلسطينية : الجزء الاول / |
| 260 |
_a[S.N] : _bالوفاء للطباعة والنشر ، _c1993 |
||
| 300 | _a170 ص | ||
| 490 | 0 | _aاخطاء يجب ان تصحح فى التاريخ | |
| 650 | 0 | 4 | _aالنزاع العربى الاسرائيلى |
| 650 | 0 | 4 | _aفلسطين |
| 650 | 0 | 4 | _aالقضية الفلسطينية |
| 650 | 0 | 4 | _aالبيت المقدس |
| 942 |
_2ddc _cBK |
||